| 000 | 00975cam a2200241 i 4500 | ||
|---|---|---|---|
| 003 | SA-RiAUC | ||
| 005 | 20250417071102.0 | ||
| 008 | 250112s1969 ||| g 000r0 ara c | ||
| 040 |
_aSA-RiAUC _bara _cSA-RiAUC _erda |
||
| 082 | 0 | 4 | _a212 |
| 090 |
_a212 _b ج ز ا |
||
| 100 | 1 |
_aالجزائري، أبو بكر جابر، _d1921-2018 _eمؤلف. |
|
| 245 | 1 | 2 |
_aالأخلاق الإسلامية، أو، الحكمة العلمية كما يسميها علماء الأديان / _cوضع أبي بكر جابر الجزائري. |
| 246 | 3 | 3 | _aالحكمة العلمية |
| 264 | 1 |
_a[مكان النشر غير محدد] : _b[الناشر غير محدد]، _c[1969] |
|
| 300 |
_a47 صفحة ؛ _c24 سم |
||
| 336 |
_aنص _btxt _2rdacontent _3كتاب |
||
| 337 |
_aبدون وسيط _bn _2rdamedia |
||
| 338 |
_aمجلد _bnc _2rdacarrier |
||
| 650 | 7 |
_aالأخلاق الإسلامية _2aucsh |
|
| 942 |
_2ddc _cBOOK _n0 |
||
| 949 |
_aSA-JeALM _d250112 _uosman123 _n1 |
||
| 999 |
_c7116 _d7116 |
||